[Event "GER CupT qual"]
[Site "Germany"]
[Date "2010.01.16"]
[Round "1"]
[White "Sieglen, Joachim"]
[Black "Seyrich, Maximilian"]
[Result "1-0"]
[WhiteElo "2338"]
[BlackElo "1919"]
[PlyCount "55"]
[EventDate "2010.01.16"]
[EventType "team-k.o."]
[EventRounds "1"]
[EventCountry "GER"]
[SourceTitle "CBM 134 Extra"]
[Source "ChessBase"]
[SourceDate "2010.03.03"]
[SourceVersion "1"]
[SourceVersionDate "2010.03.03"]
[SourceQuality "1"]

1. d4 Nf6 2. c4 e6 3. g3 d5 4. Nf3 Bd6 5. Bg2 0-0 6. 0-0 c5 7. cxd5 exd5 8. Nc3 h6 9. b3 Nc6 10. Bb2 Be6 11. Rc1 Rc8 12. dxc5 Bxc5 13. Na4 Be7 14. Nc5 Qb6 15. Nxe6 fxe6 16. Bh3 Nb4 17. Rxc8 Rxc8 18. Nd4 Kh8 19. a3 Nc6 20. Nxe6 Re8 21. Nf4 Bd8 22. Bxf6 Bxf6 23. Nxd5 Qd8 24. Bg2 Nd4 25. e3 Nb5 26. a4 Nd6 27. Qd3 Rf8 28. Nf4 1-0

[Event "GER-ch U25 op"]
[Site "Willingen"]
[Date "2008.05.11"]
[Round "1"]
[White "Seyrich, Maximilian"]
[Black "Zuferi, Enis"]
[Result "0-1"]
[WhiteElo "1943"]
[BlackElo "1462"]
[PlyCount "134"]
[EventDate "2008.05.11"]
[EventType "swiss"]
[EventRounds "9"]
[EventCountry "GER"]
[SourceTitle "CBM 124 Extra"]
[Source "ChessBase"]
[SourceDate "2008.07.03"]
[SourceVersion "1"]
[SourceVersionDate "2008.07.03"]
[SourceQuality "1"]

1. d4 Nf6 2. c4 g6 3. Nc3 d5 4. cxd5 Nxd5 5. e4 Nxc3 6. bxc3 c5 7. Bc4 Bg7 8. Be3 Nc6 9. Ne2 cxd4 10. cxd4 0-0 11. 0-0 Na5 12. Bd3 Be6 13. d5 Bxa1 14. Qxa1 f6 15. Bh6 Re8 16. Nf4 Bd7 17. e5 Qc7 18. e6 Ba4 19. Qb1 Rac8 20. Bxg6 Bc2 21. Bf7+ Kh8 22. Qc1 Rg8 23. Qd2 Be4 24. Bxg8 Rxg8 25. f3 Bg6 26. Rc1 Nc4 27. Qd4 b5 28. Nxg6+ Rxg6 29. Bf4 Qa5 30. Qf2 Qa3 31. Rd1 Nb2 32. Rd2 Nd3 33. Rxd3 Qxd3 34. Qxa7 Qd1+ 35. Kf2 Qc2+ 36. Ke3 Rxg2 37. Qb8+ Kg7 38. Qxb5 Qf2+ 39. Ke4 Qxa2 40. Qd3 Re2+ 41. Kf5 h5 42. Be3 Qb2 43. Qd4 Qc2+ 44. Qe4 Qd1 45. d6 Qxd6 46. Bh6+ Kxh6 47. Qxe2 Qd5+ 48. Kf4 Qg5+ 49. Ke4 Qe5+ 50. Kd3 Qxe2+ 51. Kxe2 Kg5 52. Kf2 Kf4 53. Kg2 f5 54. Kf2 h4 55. Ke2 Ke5 56. Ke3 Kxe6 57. f4 Kd5 58. Kd3 e6 59. h3 e5 60. fxe5 Kxe5 61. Ke3 f4+ 62. Kd3 Kd5 63. Ke2 Ke4 64. Kf2 f3 65. Kf1 Ke5 66. Kf2 Kf4 67. Kf1 Kg3 0-1

[Event "Wuerttemberg-ch KT"]
[Site "Tuebingen"]
[Date "2007.08.28"]
[Round "4"]
[White "Seyrich, Maximilian"]
[Black "Schwerteck, Michael"]
[Result "1/2-1/2"]
[WhiteElo "1892"]
[BlackElo "2154"]
[PlyCount "53"]
[EventDate "2007.08.25"]
[EventType "swiss"]
[EventRounds "9"]
[EventCountry "GER"]
[SourceTitle "CBM 120 Extra"]
[Source "ChessBase"]
[SourceDate "2007.11.01"]
[SourceVersion "1"]
[SourceVersionDate "2007.11.01"]
[SourceQuality "1"]

1. d4 Nf6 2. c4 c5 3. d5 b5 4. cxb5 a6 5. bxa6 g6 6. Nc3 Bxa6 7. e4 Bxf1 8. Kxf1 d6 9. g3 Bg7 10. Nf3 Nbd7 11. Kg2 0-0 12. Re1 Ra6 13. e5 dxe5 14. Nxe5 Nxe5 15. Rxe5 Rd6 16. Bg5 h6 17. Bxf6 Bxf6 18. Re3 e6 19. Rd3 Bxc3 20. Rxc3 Rxd5 21. Qc1 Qa8 22. Kg1 Rfd8 23. Rxc5 Rd2 24. Rc2 R2d3 25. Rc3 Rd2 26. Rc2 R2d3 27. Rc3 1/2-1/2

[Event "Wuerttemberg-ch KT"]
[Site "Tuebingen"]
[Date "2007.08.26"]
[Round "2"]
[White "Seyrich, Maximilian"]
[Black "Haist, Winfried"]
[Result "1/2-1/2"]
[WhiteElo "1892"]
[BlackElo "2139"]
[PlyCount "71"]
[EventDate "2007.08.25"]
[EventType "swiss"]
[EventRounds "9"]
[EventCountry "GER"]
[SourceTitle "CBM 120 Extra"]
[Source "ChessBase"]
[SourceDate "2007.11.01"]
[SourceVersion "1"]
[SourceVersionDate "2007.11.01"]
[SourceQuality "1"]

1. d4 d6 2. c4 Nf6 3. Nc3 Bg4 4. Nf3 e6 5. g3 c6 6. Bg2 d5 7. Qb3 Qb6 8. 0-0 Nbd7 9. Nd2 Bb4 10. e4 0-0 11. exd5 exd5 12. cxd5 cxd5 13. Nxd5 Nxd5 14. Qxd5 Nf6 15. Qxb7 Qxd4 16. Nb3 Qc4 17. Bf4 a5 18. a3 Qxb3 19. axb4 a4 20. Be5 Nd7 21. Bd6 Rfe8 22. Bc6 Rad8 23. Bc7 Rc8 24. Rae1 Be6 25. Re3 Qxb2 26. Rxe6 fxe6 27. Bxd7 a3 28. Bxc8 a2 29. Qc6 Rf8 30. Qxe6+ Kh8 31. Be5 Qxb4 32. Bd6 Qb5 33. Qe1 Rxc8 34. Be5 Re8 35. Qa1 Qxe5 36. Qxa2 1/2-1/2

[Event "GER-ch U25"]
[Site "Willingen"]
[Date "2007.05.28"]
[Round "3"]
[White "Seyrich, Maximilian"]
[Black "Tiemann, Tobias"]
[Result "1/2-1/2"]
[WhiteElo "1895"]
[BlackElo "1585"]
[PlyCount "109"]
[EventDate "2007.05.26"]
[EventType "swiss"]
[EventRounds "9"]
[EventCountry "GER"]
[SourceTitle "CBM 118 Extra"]
[Source "ChessBase"]
[SourceDate "2007.07.04"]
[SourceVersion "1"]
[SourceVersionDate "2007.07.04"]
[SourceQuality "1"]

1. d4 d5 2. c4 e6 3. Nc3 c6 4. e4 Bb4 5. e5 b6 6. Qg4 Bf8 7. Nf3 Qc7 8. Be2 Ne7 9. 0-0 Ng6 10. Nh4 Be7 11. Bg5 Bxg5 12. Qxg5 Qe7 13. Qxe7+ Kxe7 14. Nxg6+ hxg6 15. Rac1 Bd7 16. b4 dxc4 17. Bxc4 b5 18. Be2 Na6 19. a3 Nc7 20. Ne4 Nd5 21. Bf3 a5 22. Nc5 a4 23. Bxd5 exd5 24. Nb7 Ra6 25. Rc3 Rh4 26. f4 Rh8 27. Re3 Re8 28. Nd6 Rf8 29. Rfe1 Rb6 30. Nxf7 Be6 31. Ng5 Rxf4 32. Rd1 Rb8 33. Rf3 Rbf8 34. Rdf1 Rxf3 35. Rxf3 Rxf3 36. gxf3 Bf5 37. Kf2 Bc2 38. Ke3 Bb1 39. Kd2 Bf5 40. Ke3 Bc2 41. Kf4 Bf5 42. Kg3 Bc2 43. Kh4 Bd1 44. f4 Bc2 45. Nf3 Be4 46. Nd2 Bd3 47. Kg5 Kf7 48. h3 Bf5 49. h4 Bd3 50. h5 gxh5 51. Kxh5 g6+ 52. Kh6 Bc2 53. Kg5 Bd1 54. Nf1 Bc2 55. Nd2 1/2-1/2

[Event "Wuerttemberg-chB"]
[Site "Balingen"]
[Date "2006.08.27"]
[Round "2"]
[White "Seyrich, Maximilian"]
[Black "Werner, Bernd Michael"]
[Result "1-0"]
[WhiteElo "1852"]
[BlackElo "2144"]
[PlyCount "113"]
[EventDate "2006.08.26"]
[EventType "swiss"]
[EventRounds "9"]
[EventCountry "GER"]
[SourceTitle "EXT 2007"]
[Source "ChessBase"]
[SourceDate "2006.11.23"]
[SourceVersion "1"]
[SourceVersionDate "2006.11.23"]
[SourceQuality "1"]

1. d4 Nf6 2. c4 g6 3. Nc3 Bg7 4. e4 d6 5. Be2 Na6 6. Nf3 0-0 7. 0-0 Nd7 8. Be3 e5 9. Re1 f5 10. d5 f4 11. Bc1 g5 12. Nd2 Nf6 13. f3 h5 14. h3 Qe8 15. Nf1 Qg6 16. Nh2 Rf7 17. a3 Bd7 18. b4 Bf8 19. Bb2 Rh7 20. Rc1 Be7 21. Na4 g4 22. fxg4 hxg4 23. Nxg4 Nxg4 24. Bxg4 Bxg4 25. Qxg4 Qxg4 26. hxg4 Rf8 27. b5 Nb8 28. c5 f3 29. Rf1 Bg5 30. Rc3 Nd7 31. gxf3 Bd2 32. Rd3 Bf4 33. cxd6 cxd6 34. Bc1 Rf6 35. Bxf4 exf4 36. Rf2 Rfh6 37. Kf1 Rh1+ 38. Ke2 Ra1 39. Nb2 Ne5 40. Rc3 Rhh1 41. Kd2 Rhb1 42. Rc8+ Kg7 43. Rc2 Rxa3 44. Rc7+ Kg6 45. Kc2 Raa1 46. Rxb7 Rc1+ 47. Kb3 Rc5 48. Rc2 Rxc2 49. Kxc2 Kf6 50. Nd3 Nxd3 51. Kxd3 Ra3+ 52. Kc4 Rxf3 53. Rxa7 Re3 54. b6 Rxe4+ 55. Kb5 Re1 56. Ra4 Kg5 57. b7 1-0

[Event "Wuerttemberg-chB"]
[Site "Balingen"]
[Date "2006.08.26"]
[Round "1"]
[White "Groebe, Ulrich"]
[Black "Seyrich, Maximilian"]
[Result "1-0"]
[WhiteElo "2058"]
[BlackElo "1852"]
[PlyCount "121"]
[EventDate "2006.08.26"]
[EventType "swiss"]
[EventRounds "9"]
[EventCountry "GER"]
[SourceTitle "EXT 2007"]
[Source "ChessBase"]
[SourceDate "2006.11.23"]
[SourceVersion "1"]
[SourceVersionDate "2006.11.23"]
[SourceQuality "1"]

1. d4 Nf6 2. Nf3 e6 3. c4 b6 4. g3 Bb4+ 5. Bd2 Be7 6. Bg2 Bb7 7. 0-0 0-0 8. Nc3 c5 9. d5 exd5 10. Nh4 Ne4 11. Nf5 Nd6 12. Nxe7+ Qxe7 13. cxd5 Na6 14. Bf4 Nc7 15. e4 f6 16. Re1 g5 17. Bd2 Nf7 18. f4 d6 19. Qh5 h6 20. Rad1 Kg7 21. Bc1 Rfe8 22. b3 b5 23. Bb2 b4 24. Na4 Qd7 25. Bh3 Qe7 26. Bf5 Rg8 27. fxg5 hxg5 28. Qg6+ Kf8 29. Qxf6 Qxf6 30. Bxf6 Ne8 31. Ba1 Ke7 32. Bh7 Rf8 33. Bf5 Nh6 34. Bh3 Nf6 35. Bg2 Kd7 36. Rf1 Nhg8 37. e5 Ng4 38. e6+ Ke7 39. Rde1 N8f6 40. h3 Nh6 41. Rd1 Ba6 42. Rfe1 Rac8 43. Nb2 Nf5 44. Kh2 Nd4 45. Nc4 Bxc4 46. bxc4 Nc2 47. Re2 Nxa1 48. Rxa1 a5 49. Rf1 a4 50. Rf5 Rg8 51. Bf1 a3 52. Ref2 Rcf8 53. Bd3 Rg7 54. Bc2 Nh7 55. Rxf8 Nxf8 56. h4 gxh4 57. gxh4 Rg4 58. Kh3 Rxc4 59. Rf7+ Ke8 60. Ba4+ Nd7 61. exd7+ 1-0